000 00302nam a2200121Ia 4500
008 190216s9999||||xx |||||||||||||| ||und||
100 _aMaheswari S N
245 0 _aFinancial Management - Principles And Practice
260 _bSahithya Bhavan
_c2002
300 _a1479
650 _aCommerce
942 _cBK
999 _c6204
_d6204